书目信息 |
| 书名: | I Must Have Liberty | |
| 作者: | Isabel De Palencia. | |
| 分册号: | ||
| 分册名: | 出版地: | New York : |
|
| 出版社: | Longmans, Green and Co | |
| 出版时间: | 1941. | |
| 页数: | 488 p. ; | |
| 开本: | 29cm. | |
| 丛书名: | ||
| 中图分类号: | ||
| 科图分类号: | ||
| 其他分类号: | I712.4 | |
| 主题词: | ||
| 电子资源: | ||
| 000 | 00388nam 2200145 a 4500 | |
| 001 | E0155651995 | |
| 005 | 2001113015273122 | |
| 008 | 011130s1941 00010 eng | |
| 020 | @cRMB 12.00. | |
| 040 | @aPFT@beng | |
| 090 | @aI712.4 | |
| 099 | @dI712.4@eP156 | |
| 245 | 1 | @aI Must Have Liberty / @cIsabel De Palencia. |
| 260 | @aNew York :@bLongmans, Green and Co.,@c1941. | |
| 300 | @a488 p. ;@c29cm. | |
| I Must Have Liberty / / Isabel De Palencia.-New York : : Longmans, Green and Co., , 1941. |
| 488 p. ; ; 29cm. |
| ISBN RMB 12.00. |
| ● |
| 相关链接 |
|
|
|
正题名:I Must Have Liberty
索取号:I712.4/P156
 
预约/预借
| 序号 | 登录号 | 条形码 | 馆藏地/架位号 | 状态 | 备注 |
| 1 | 0359 | 300003591 | 文学库116/400A自科库 19排3列2层/ [索取号:I712.4/P156] | 在馆 |